| 000 | 01090nam a2200193Ia 4500 | ||
|---|---|---|---|
| 003 | Ost | ||
| 005 | 20260507075048.0 | ||
| 008 | 260507s9999||||xx |||||||||||||| ||und|| | ||
| 040 | _cfsecg | ||
| 041 | _aara | ||
| 082 | _a380 | ||
| 100 |
_aأبو قحف، عبد السلام _eمؤلف |
||
| 245 | 0 |
_aأساسيات التسويق / _c عبد السلام أبو قحف |
|
| 260 |
_aالإسكندرية: _bدار الجامعة الجديدة, _c2002 |
||
| 300 |
_a544 صفحة؛ _bإيضاحات ؛ _c24 سم |
||
| 520 | _aالتطور والأهمية النسبية-طبيعة النشاط التسويقي-البيئة التسويقية-نظام المعلومات التسويقية-بحوث التسويق-بحوث التسويق:أساليب القياس والمعاينة وتجهيز البيانات-دراسة سلوك المستهلك-دراسة سلوك التصنيف والنماذج-القطاعات السوقية-المزيج التسويقي-السلعة -التسعير-المكان-المزيج الترويجي | ||
| 653 | _aالتسويق | ||
| 942 | _cكتاب | ||
| 999 |
_c42609 _d42609 |
||